| 000 | 00854nam a22002657a 4500 | ||
|---|---|---|---|
| 003 | dpl | ||
| 005 | 20180827143608.0 | ||
| 008 | 180827b xxu||||| |||| 00| 0 eng d | ||
| 010 | _aB-227951 | ||
| 020 |
_c325.00 _a8120330072 |
||
| 035 | _aB-227951, B-227954 | ||
| 037 | _bCen Lib/Ret | ||
| 040 |
_aDPL _bEN _c0 |
||
| 082 |
_a005.133 _bBIA |
||
| 100 |
_aBiafore, Bonnie _92669 |
||
| 245 |
_aOn time! on track! on target! managing your projects successful with microsoft project / _cby Bonnie Biafore |
||
| 250 | _a5th ed | ||
| 260 |
_aNew Delhi _bPrentice hall of India _c2006 |
||
| 270 |
_bNew Delhi _aM-97, Connaught circus _e110001 |
||
| 300 |
_axxii,373p. _c23cm(pbk) |
||
| 500 | _aIncludes index | ||
| 650 |
_aProject management _921347 |
||
| 650 |
_aMicrosoft project _x _942094 |
||
| 942 |
_2ddc _cEN _h005.133 _mBIA |
||
| 999 |
_c134896 _d134896 |
||